Communes de France dont le nom comporte un chiffre - Statistiques

Statistiques générales
  • Ce quiz a été pris 153 fois
  • Le résultat moyen est 84 sur 86
Statistiques - réponses
Département Commune % Correct
76 Calleville-les-{Deux}-Eglises
100%
76 Canville-les-{Deux}-Eglises
100%
57 Chemery-les-{Deux}
100%
57 Chémery-les-{Deux}
100%
52 Colombey-les-{Deux}-Eglises
100%
14 Courtonne-les-{Deux}-Eglises
100%
03 {Deux}-Chaises
100%
53 {Deux}-Evailles
100%
69 {Deux}-Grosnes
100%
14 {Deux}-Jumeaux
100%
89 {Deux}-Rivières
100%
2A {Deux}-Sevi
100%
2A {Deux}-Sorru
100%
15 {Deux}-Verges
100%
54 {Deux}ville
100%
974 Entre-{Deux}
100%
88 Entre-{deux}-Eaux
100%
38 Entre-{Deux}-Guiers
100%
39 Entre-{deux}-Monts
100%
28 Le Boullay-les-{Deux}-Eglises
100%
38 Les-{Deux}-Alpes
100%
39 Les {Deux}-Fays
100%
08 Les {Deux}-Villes
100%
18 Neuvy-{Deux}-Clochers
100%
77 Saint-Jean-les-{Deux}-Jumeaux
100%
37 {Cinq}-Mars-la-Pile
99%
28 Cloyes-les-{Trois}-Rivières
99%
57 Danne-et-{Quatre}-Vents
99%
48 Florac {Trois}-Rivières
99%
974 Les {Trois}-Bassins
99%
39 Les {Trois}-Châteaux
99%
55 Les-{Trois}-Domaines
99%
972 Les {Trois}-Ilets
99%
27 Les {Trois} Lacs
99%
86 Les-{Trois}-Moutiers
99%
76 Les-{Trois}-Pierres
99%
54 Mandres-aux-{Quatre}-Tours
99%
10 Ossey-les-{Trois}-Maisons
99%
08 {Quatre}-Champs
99%
27 {Quatre}mare
99%
09 Rabat-les-{Trois}-Seigneurs
99%
86 Saint-Gervais-les-{Trois}-clochers
99%
56 Saint-Malo-des-{Trois}-Fontaines
99%
26 Saint-Paul-{Trois}-Châteaux
99%
19 {Trois}fonds
99%
23 {Trois}-Fonds
99%
52 {Trois}fontaine-la-Ville
99%
57 {Trois}fontaines
99%
51 {Trois}-Fontaines-l'Abbaye
99%
52 {Trois}fontaines-la-Ville
99%
14 {Trois}-Monts
99%
16 {Trois}-Palis
99%
51 {Trois}-Puits
99%
80 {Trois}-Rivières
99%
971 {Trois}-Rivières
99%
62 {Trois}vaux
99%
58 {Trois}-Vèvres
99%
57 {Trois}villes
99%
59 {Trois}villes
99%
64 {Trois}-Villes
99%
67 Wingersheim les {Quatre} Bans
99%
89 {Dix}mont
98%
02 Les {Sept}vallons
98%
89 Rogny-les-{Sept}-Ecluses
98%
82 {Sept}fonds
98%
25 {Sept}fontaines
98%
61 {Sept}-Forges
98%
14 {Sept}-Frères
98%
76 {Sept}-Meules
98%
02 {Sept}monts
98%
55 {Sept}sarges
98%
51 {Sept}-Saulx
98%
77 {Sept}-Sorts
98%
02 {Sept}vaux
98%
14 {Sept}-Vents
98%
83 {Six}-Fours-les-Plages
98%
58 {Neuf}fontaines
97%
24 La {Douze}
91%
20 {Cent}uri
88%
07 Saint-Jean-le-{Cent}enier
88%
85 {Treize}-Septiers
88%
85 {Treize}-Vents
88%
61 {Vingt}-Hanaps
86%
19 {Mille}vaches
83%
26 Saint-Férréol-{Trente}-Pas
72%
34 Q{Quarante}
67%
Aucun quiz correspondant
Distribution des résultats
% des personnes avec chaque résultat
Percentile par nombre de réponses
Votre historique - résultats
Vous n’avez pas pris ce quiz